000 01214nam a2200337 i 4500
003 EG-GICUC
005 20260423105139.0
008 260423s1984 it fr|||| 00| 0 ita d
040 _aEG-GiCUC
_bita
_cEG-GiCUC
_dEG-GiCUC
_erda
041 _aita
082 0 4 _221
_a343.93
_bMO . P
092 0 4 _221
099 _aLaw1 10 343.93 MO . P 1984
100 1 _aMoccia, Sergio
_eAuthor.
245 1 0 _a Politica Criminale E Riforma Del Sistema Penale :
_b L'Alternativ-Entwurf E L'Esempio Della Repubblica Federale Tedesca /
_cSergio Moccia ; Prefazione Di Claus Roxin.
264 1 _a Napoli :
_bCasa Editrice Dott. Eugenio Jovene,
_c1984.
300 _a348 pages
_c24 cm
336 _2rda content
_atext
337 _2rda media
_aComputer
338 _2rda carrier
_aOnline Resource
504 _aIncludes bibliographical references and index.
546 _a Text in Italian
650 1 _aCriminal law
_zItalia.
_2qrmak
650 1 _aPolitica Criminale
_zItalia.
651 1 _2qrmak
700 1 _aRoxin, Claus
_epresenter
710 2 _a Università Di Napoli. Facoltà Giuridica.
856 4 0 _uhttps://fll.law.cu.edu.eg/fulltext/bks/B10-11065.pdf
905 _a167
942 _2ddc
_cBK
_e21
_n0
999 _c72976
_d72976